| 000 | 03107pam a22003854a 4500 | ||
|---|---|---|---|
| 001 | 6291631 | ||
| 003 | NUST - PNEC | ||
| 005 | 20170116181118.0 | ||
| 008 | 070122s2007 nyu b 001 0 eng | ||
| 010 | _a 2007002741 | ||
| 020 | _a9780385522212 (alk. paper) | ||
| 020 | _a0385522215 (alk. paper) | ||
| 035 | _a(OCoLC)OCM80917153 | ||
| 035 | _a(OCoLC)80917153 | ||
| 035 | _a(NNC)6291631 | ||
| 040 |
_aDLC _cLIBRARY _dBAKER _dBTCTA _dC#P _dOrLoB-B |
||
| 043 | _an-us--- | ||
| 050 | 0 | 0 |
_aHV6432 _b.P63 2007 |
| 082 | 0 | 0 |
_a973.931 POD _222 |
| 100 | 1 | _aPodhoretz, Norman. | |
| 245 | 1 | 0 |
_aWorld War IV : _bthe long struggle against Islamofascism / _cNorman Podhoretz. |
| 246 | 3 | _aWorld War 4 | |
| 246 | 3 | _aWorld War Four | |
| 250 | _a1st ed. | ||
| 260 |
_aNew York : _bDoubleday, _cc2007. |
||
| 300 |
_a230 p. ; _c25 cm. |
||
| 504 | _aIncludes bibliographical references and index. | ||
| 520 | 1 | _a"In World War IV, Norman Podhoretz makes the first serious effort to set 9/11 itself, the battles that have followed it in Afghanistan and Iraq, and the war of ideas that it has provoked at home into a broad historical context. Podhoretz shows that the global war against Islamofascism is as vital and necessary as the two world wars and the cold war ("World War III") by which it was preceded. He also lays out a compelling case in defense of the Bush Doctrine, contending that its new military strategy of preemption and its new political strategy of democratization represent the only viable way to fight and win the special kind of war into which we were suddenly plunged." "Different in certain respects though the Islamofascists are from their totalitarian predecessors, this new enemy is equally dedicated to the destruction of the freedoms for which America stands and by which it lives. But it took the blatant aggression of 9/11 to make most Americans realize that war had long since been declared on us and that the time had come to fight back. Past administrations, both Republican and Democratic, had failed to respond with appropriate force to attacks by Muslim terrorists on American citizens in various countries, and even the bombing of the World Trade Center in 1993 was treated as a criminal act rather than an act of war. All this changed after 9/11, when the whole country rallied around President Bush's decision to bring the war to the enemy's home ground in the Middle East." "The successes and the setbacks that have followed are portrayed by Podhoretz, who goes on to argue that, just as in the two great struggles against totalitarianism in the twentieth century, the key to victory in World War IV will be a willingness to endure occasional reverses without losing sight of what we are fighting against, what we are fighting for, and why we have to win."--BOOK JACKET. | |
| 650 | 0 |
_aWar on Terrorism, 2001-2009. _xGeneral books |
|
| 651 | 0 |
_aUnited States _xForeign relations _y2001-2009. |
|
| 856 | 4 | 1 |
_3Table of contents only _uhttp://www.loc.gov/catdir/toc/ecip079/2007002741.html |
| 900 | _bTOC | ||
| 942 |
_2ddc _cBK |
||
| 948 | 1 |
_a20070926 _bc _crad1 _dMPS |
|
| 999 |
_c69428 _d69428 |
||